| 000 | 03413cam a22005054i 4500 | ||
|---|---|---|---|
| 003 | PE-LiUPU | ||
| 005 | 20250731172901.0 | ||
| 008 | 170109s2011 mau rb 001 0 eng d | ||
| 020 | _a1118724062 | ||
| 020 | _a9781118724064 | ||
| 035 | _a(Sirsi) a165916 | ||
| 040 |
_aPE-LiUPU _bspa _cPE-LiUPU _erda |
||
| 049 | _aPRUA | ||
| 082 | 0 | 4 |
_a227.06 _bT4 _222 |
| 245 | 0 | 4 |
_aThe Blackwell companion to Paul / _c edited by Stephen Westerholm. |
| 264 | 1 |
_aMalden : _bWiley-Blackwell, _c2011. |
|
| 300 |
_axviii, 615 páginas ; _c25 centimetros. |
||
| 336 |
_atext _2rdacontent |
||
| 337 |
_aunmediated _2rdamedia |
||
| 338 |
_avolume _2rdacarrier |
||
| 490 | 0 |
_aBlackwell companions to religion _5FU |
|
| 504 | _aBibliografía : páginas final de cada capítulo. | ||
| 504 | _aÍndices: páginas 605-615. | ||
| 505 | 0 |
_aPauline chronology / Rainer Riesner -- Paul and the Macedonian believers / Todd D. Still -- Paul and the Corinthian believers / Craig S. Keener -- Paul and the Galatian believers / Stephen Chester -- Paul and the believers of Western Asia / John Paul Heil -- Paul and the Roman believers / Beverly Roberts Gaventa -- The pastoral epistles / I. Howard Marshall -- The portrait of Paul in Acts / Stanley E. Porter -- The gospel according to St. Paul / James D.G. Gunn -- Paul and Scripture / J. Ross Wagner -- Paul's christology / Simon J. Gathercole -- Paul, Judaism, and the Jewish people / John M.G. Barclay -- Paul and the law / Arland J. Hultgren -- The text of the Pauline corpus / Dirk Jongkind -- Rhetoric in the letters of Paul / Jean-Noël Aletti -- The social setting of the Pauline communities / Gerd Theissen -- Women in the Pauline churches / Margaret Y. MacDonald -- Paul and empire / N.T. Wright -- Marcion / Heikki Räisänen -- Origen / Peter Widdicombe -- Chrysostom / Christopher A. Hall -- Augustine / Lewis Ayres -- Aquinas / Matthew Levering -- Luther / Mickey L. Mattox -- Calvin / Anthony N.S. Lane -- John and Charles Wesley / John R. Tyson -- Barth / Richard E. Burnett -- Recent continental philosophers / P. Travis Kroeker -- Jewish readings of Paul / Daniel R. Langton -- Orthodox readings of Paul / Theodore G. Stylianopoulos -- African readings of Paul / Grant LeMarquand -- Art / Robin M. Jensen -- Literature / David Lyle Jeffrey -- Christian theology : sin and the Fall / Marguerite Shuster -- Christian theology : the Spirit / Ralph Del Colle -- Christian theology : ethics / Gilbert Melander -- Christian theology : the church / Nicholas M. Healy. _5 FU. |
|
| 526 | _aSEG42 | ||
| 526 | _aSEG41 | ||
| 526 | _aSEG40 | ||
| 526 | _aSEG39 | ||
| 526 | _aP94 | ||
| 526 | _aP87 | ||
| 526 | _aP86 | ||
| 526 | _aP85 | ||
| 526 | _aP77 | ||
| 526 | _aP76 | ||
| 526 | _aP35 | ||
| 650 | 0 | 4 |
_aPaul, _cApóstol, Santo. _xTeología. |
| 700 | 1 |
_aWesterholm, Stephen, _d 1949-, _eeditor. |
|
| 910 |
_ajck _bjvq _cjck _d20160103. |
||
| 942 |
_2ddc _cBOOK |
||
| 949 |
_a227.06 T4 _wDEWEY _c1 _i75509 _lCATALOGING _mBUL _p00.00 _r0 _sY _tBOOK _u2017-01-09 _xTEOLOGIA _zPOSGRADO TEOLOGÍA _0COMPRA _o.CIRCNOTE. El documento es de alto precio. _o.STAFF. Colección Teología |
||
| 994 |
_aC0 _bPEPRU |
||
| 596 | _a1 | ||
| 999 |
_a227.06 T4 _wLC _c14652 _i75509 _d14652 _f2021-11-9 _g5 _lCCODEBUL1 _mBUL _p57.00 _q1 _r0 _sY _tBOOK _u2017-1-9 _xTEOLOGIA _PP85 _0COMPRA _o.STAFF. Colección Teología |
||
| 980 |
_81 _gALBERTO SANCHEZ Responsable de Automatización |
||